Statistiques concernant Capitales d'Asie - Carte Quiz

Cliquez ici pour prendre le quiz!

Statistiques générales

  • Ce quiz a été pris 23 598 fois
  • Le résultat moyen est 27 sur 48

Réponses sur la Carte

Les réponses sont colorées sur une échelle allant du rouge au vert en fonction du pourcentage des utilisateurs qui les ont devinées à leur premier essai. Vous pouvez retrouver ces pourcentages ci-dessous.
 

Statistiques - réponses

Réponse% Correct
Tokyo
92%
Pékin
91%
Séoul
89%
New Delhi
88%
Pyongyang
85%
Ankara
77%
Oulan-Bator
75%
Taipei
73%
Singapour
71%
Bangkok
69%
Jérusalem
68%
Sri Jayawar-denepura Kotte
68%
Manille
67%
Nicosie
66%
Jakarta
65%
Koweït
65%
Abou Dabi
63%
Hanoï
62%
Riyad
62%
Téhéran
62%
Katmandou
61%
Bagdad
60%
Kaboul
59%
Phnom Penh
58%
Beyrouth
57%
Islamabad
57%
Doha
55%
Kuala Lumpur
55%
Dacca
51%
Damas
49%
Tbilissi
49%
Bakou
48%
Sanaa
47%
Erevan
46%
Astana
45%
Vientiane
45%
Malé
44%
Amman
41%
Naypyidaw
39%
Mascate
38%
Thimphou
37%
Bandar Seri Begawan
35%
Dili
34%
Bichkek
31%
Manama
30%
Achgabat
29%
Tachkent
29%
Douchanbé
24%

Distribution des résultats

Percentile par nombre de réponses

% des personnes avec chaque résultat

Votre développement - résultats

Vous n’avez pas pris ce quiz